[Event "New Delhi Parsvnath op-B 17th"]
[Site "New Delhi"]
[Date "2019.01.10"]
[Round "6"]
[White "Manu, M."]
[Black "Yadav, Prem Gopal"]
[Result "1-0"]
[WhiteElo "1762"]
[BlackElo "1669"]
[PlyCount "101"]
[EventDate "2019.01.09"]
[EventType "swiss"]
[EventRounds "10"]
[EventCountry "IND"]
[SourceTitle "CBM 189 Extra"]
[Source "ChessBase"]
[SourceDate "2019.06.03"]
[SourceVersion "1"]
[SourceVersionDate "2019.06.03"]
[SourceQuality "1"]

1. e4 c5 2. Nf3 g6 3. d4 cxd4 4. Nxd4 Bg7 5. Nc3 Nc6 6. Be3 Nf6 7. Bc4 Qa5 8. 0-0 0-0 9. Bb3 d6 10. f3 Bd7 11. Nd5 Rfe8 12. Nxc6 bxc6 13. Nf4 Qc7 14. c4 c5 15. e5 dxe5 16. Nd3 e4 17. Nxc5 Bc6 18. fxe4 Nxe4 19. Nxe4 Bxe4 20. c5 e6 21. Qd6 Qb7 22. Rac1 Bc6 23. Rf2 Rad8 24. Qf4 f5 25. Ba4 e5 26. Qc4+ Kh8 27. Bxc6 Qxc6 28. b4 a6 29. a4 f4 30. b5 axb5 31. axb5 Qa8 32. Ra2 Qc8 33. Bf2 e4 34. c6 Qg4 35. c7 Rd1+ 36. Be1 Bd4+ 37. Kh1 f3 38. Rxd1 fxg2+ 39. Rxg2 Qxd1 40. Re2 Rc8 41. Qc2 Qxc2 42. Rxc2 Bb6 43. Bg3 e3 44. Rc6 e2 45. Rxb6 Rxc7 46. Re6 Rc1+ 47. Kg2 Rb1 48. b6 Kg7 49. Bf2 Rb2 50. Bd4+ Kf7 51. Bxb2 1-0

[Event "Maharashtra State-ch U25"]
[Site "Nasik"]
[Date "2018.08.11"]
[Round "5"]
[White "Bagwe, Gaurang"]
[Black "Yadav, Prem Gopal"]
[Result "1-0"]
[WhiteElo "1460"]
[BlackElo "1755"]
[PlyCount "85"]
[EventDate "2018.08.09"]
[EventType "swiss"]
[EventRounds "9"]
[EventCountry "IND"]
[SourceTitle "CBM 186 Extra"]
[Source "ChessBase"]
[SourceDate "2018.08.24"]
[SourceVersion "1"]
[SourceVersionDate "2018.08.24"]
[SourceQuality "1"]

1. e4 c5 2. c3 e6 3. d4 d5 4. e5 Nc6 5. f4 cxd4 6. cxd4 Qb6 7. Nf3 Nh6 8. Bd3 Bd7 9. Bc2 Nb4 10. Nc3 Nxc2+ 11. Qxc2 Nf5 12. Qd3 Bb4 13. a4 Rc8 14. g4 Ne7 15. 0-0 h5 16. h3 hxg4 17. hxg4 f6 18. Bd2 a6 19. Kg2 Kf7 20. Rh1 Rcg8 21. Rh7 f5 22. Ng5+ Kf8 23. Ne2 Bxd2 24. Qxd2 fxg4 25. Ng3 Nc6 26. Rd1 Rxh7 27. Nxh7+ Ke8 28. Ng5 g6 29. Nh7 Kd8 30. Nf6 Rh8 31. Nxg4 Rh4 32. Nf6 g5 33. fxg5 Rxd4 34. Qf2 Rb4 35. Qxb6+ Rxb6 36. g6 Rxb2+ 37. Kh3 Be8 38. Nxe8 Kxe8 39. Rf1 Ne7 40. g7 Rc2 41. Nh5 Rc8 42. Rf8+ Kd7 43. Nf6+ 1-0